| 000 | 00847cab a2200253 4500 | ||
|---|---|---|---|
| 001 | ABS53741 | ||
| 008 | 090401t1995 xxu||||| |||| 00| 0 eng d | ||
| 035 | _a(Sirsi) u6338 | ||
| 041 | _aeng | ||
| 100 | _aAshenden, A. | ||
| 245 | _aMarylebone can match Mayfair | ||
| 260 | _c1995 | ||
| 350 | _a0 | ||
| 490 |
_aEstates Gazette _v(9541) 14 October 1995, 136-137(2) |
||
| 520 | _aLooks at what the Marylebone area of London has to offer property development - suggesting that its environment, facilities and value for money rival those of more popular city locations. Describes plans for revitalising the area. | ||
| 650 | _aLONDON | ||
| 650 | _aMAGNET SCHEMES | ||
| 650 | _aMARYLEBONE | ||
| 650 | _aRETAIL DEVELOPMENT | ||
| 650 | _aURBAN REGENERATION | ||
| 690 | _aPROPERTY-PROPERTY DEVELOPMENT | ||
| 942 | _n0 | ||
| 948 | _c04/03/1997 | ||
| 999 |
_c3818 _d3818 |
||